Celebrity Catchphrases - Statistics

General Stats
  • This quiz has been taken 22,796 times
    15,010 since last reset
  • The average score is 9 of 22
Answer Stats
Catchphrase Celebrity % Correct
I pity the fool Mr. T
84%
You're fired Donald Trump
82%
Yes we can Barack Obama
60%
Heeeeeeeere's Johnny! Ed McMahon
59%
I am the greatest Muhammed Ali
56%
Thank you. Thank you very much Elvis Presley
54%
Fo shizzle Snoop Dogg
54%
Duh, winning Charlie Sheen
50%
The British are coming! The British are coming! Paul Revere
49%
Won't you be my neighbor? Mr. Rogers
48%
That's hot Paris Hilton
42%
... You might be a redneck Jeff Foxworthy
37%
I get no respect Rodney Dangerfield
35%
Bam! Kick it up a notch Emeril Lagasse
31%
The buck stops here Harry Truman
26%
Yeaaaaaah booooyy! Flavor Flav
23%
There's a sucker born every minute P. T. Barnum
21%
Cuchi-cuchi Charo
19%
And that's the way it is Walter Cronkite
19%
Smize Tyra Banks
15%
Truthiness Stephen Colbert
12%
In Soviet Russia... Yakov Smirnoff
9%
No matching quizzes found
Score Distribution
Percent of People with Each Score
Percentile by Number Answered
Your Score History
You have not taken this quiz since the last reset